Normal view
MARC view
- Qasim, Hina
Entry Personal Name
001 - CONTROL NUMBER
- control field: 125811
003 - CONTROL NUMBER IDENTIFIER
- control field: NUST
005 - DATE AND TIME OF LATEST TRANSACTION
- control field: 20240912092335.0
008 - FIXED-LENGTH DATA ELEMENTS
- fixed length control field: 240912|| aca||aabn | a|a d
040 ## - CATALOGING SOURCE
- Original cataloging agency: NUST
- Transcribing agency: NUST
100 ## - HEADING--PERSONAL NAME
- Personal name: Qasim, Hina
670 ## - SOURCE DATA FOUND
- Source citation: Work cat.: (NUST): Qasim, Hina, Automatic Classification of Marine Vessels using Acoustic Data/
